000 00473nam a2200181Ia 4500
001 15915
005 20260306170231.0
008 260306t2023||||xx |||||||||||||| ||und||
041 _aESP
082 _a620.711
_bS743
100 _aShepherd, Patrick J.,
_eAUT
245 4 _aThe fe exam :
_b"how to pass on your first try"!. Other disciplines exam
260 _c2023
300 _a352 páginas :
_c23 cm.
650 _aGEN
654 _aCII
942 _cLIB
_dJUS
_fJUS
_2ddc
_n
999 _c15915
_d15915